000 00300nam a22001217a 4500
008 160419b xxu||||| |||| 00| 0 eng d
020 _a9780793834
020 _a9780781793834
041 _aeng
080 _a618.2
245 _aFundamentals of Nursing :
_cTaylor Lillis Le Mon Lynn;
942 _2udc
_cBK
999 _c1428
_d1428